Manual de biotecnología de los enzimas
-д хадгалсан:
| Үндсэн зохиолч: | |
|---|---|
| Формат: | Ном |
| Хэл сонгох: | испани |
| Хэвлэсэн: |
Zaragoza
Acribia
1991
|
| Нөхцлүүд: | |
| Шошгууд: |
Шошго нэмэх
Шошго байхгүй, Энэхүү баримтыг шошголох эхний хүн болох!
|
MARC
| LEADER | 00000nam a2200000 a 4500 | ||
|---|---|---|---|
| 001 | UCY7767 | ||
| 003 | CL-VaPUC | ||
| 008 | 950622e19910000SP |||||||||||||||||spa|d | ||
| 082 | 0 | 4 | |a 660.634 |b WIS |2 21 |
| 100 | 0 | |a Wiseman, Alan |e author |9 338521 | |
| 245 | 1 | 0 | |a Manual de biotecnología de los enzimas |
| 300 | |a 444 p | ||
| 942 | |c BK | ||
| 945 | |d 19950622 00:00:00 |a awong | ||
| 260 | |a Zaragoza |b Acribia |c 1991 | ||
| 650 | 0 | |a Enzimas |9 262984 | |
| 650 | 0 | |a Biotecnología |9 259561 | |
| 650 | 7 | |a ENZIMOLOGIA |2 CL-VaPUC |9 263051 | |
| 650 | 0 | |a Bioquímica clínica |9 338522 | |
| 650 | 0 | |a Aplicación industrial |9 338523 | |
| 583 | |a last modification |c 19950622 00:00:00 |k Rodrigo Vera | ||
| 999 | |c 235084 |d 235082 | ||
| 952 | |0 0 |1 0 |4 0 |6 660_634000000000000_WIS_1991 |7 0 |8 A |9 242234 |a BIBAGR |b BIBAGR |d 2019-11-18 |i 3089916 |o 660.634 WIS 1991 |p 3089916 |r 2025-01-20 |w 2019-11-18 |y BK |k AGR | ||
| 952 | |0 0 |1 0 |4 0 |6 660_634000000000000_WIS_1991 |7 0 |8 F |9 242235 |a BIBING |b BIBING |d 2019-11-18 |i 3145611 |o 660.634 WIS 1991 |p 3145611 |r 2025-01-20 |w 2019-11-18 |y BK_F |k EIB | ||